[Event "EICC 2019"]
[Site "Skopia"]
[Date "2019.03.25"]
[Round "7.29"]
[White "Grigoriants, Sergey"]
[Black "Yilmaz, Mustafa"]
[Result "1/2-1/2"]
[WhiteElo "2543"]
[BlackElo "2636"]
[Annotator "TA"]
[PlyCount "219"]
[EventDate "2019.03.18"]
[EventType "swiss"]
[EventCountry "MKD"]
[SourceTitle "playchess.com"]
[Source "ChessBase"]
[SourceQuality "1"]

{[%evp 24,219,0,0,0,0,1,5,4,8,8,5,5,0,35,3,170,178,178,172,160,166,172,180,170,170,175,177,177,177,177,182,177,170,175,170,170,161,169,162,162,162,162,162,188,187,188,187,206,206,206,202,204,0,206,206,226,226,231,231,231,231,231,230,230,230,230,230,231,230,231,231,231,230,231,231,231,231,231,0,231,0,231,230,230,230,230,230,230,230,230,230,230,230,230,230,230,230,230,230,230,230,230,230,230,230,230,230,230,230,230,230,230,230,230,0,245,245,245,245,245,245,245,245,245,241,241,241,309,309,303,76,76,76,1042,1024,877,875,1260,1273,1266,1260,1259,1197,1281,1281,1273,1274,1153,1281,1281,1281,1281,1281,1273,172,172,172,1263,1273,1273,1266,1131,1266,1259,1259,1252,1245,5057,1259,1244,1241,1226,1218,1219,1219,1212,0,1218,1212,1212,1212,1212,1212,1212,45,45,45,45,45,45,45,45,45,45,0,0,0]} 1. c4 e6 2. Nc3 d5 3. d4 Nf6 4. Nf3 Bb4 5. e3 O-O 6. Bd3 c5 7. O-O cxd4 8. exd4 dxc4 9. Bxc4 b6 10. Bg5 Bb7 11. Re1 Nbd7 12. Rc1 Rc8 13. Qb3 Be7 {E54: Nimzo-Indian: Rubinstein: Main Line: 7...dxc4 8 Bxc4} 14. Ne5 Nxe5 15. dxe5 Nd7 16. Bxe7 Qxe7 17. Nb5 {[%cal Bc3b5,Bb5d6,Bd6f5][%mdl 32]} Rc5 18. f4 Bd5 19. Nd6 {[#]} f6 $146 (19... Bxc4 $11 {and Black is okay.} 20. Rxc4 f6) ({Predecessor:} 19... Qh4 20. Qg3 Qxg3 21. hxg3 Bxc4 {1-0 (68) Korobov,A (2667)-Meskovs,N (2515) Minsk 2018}) 20. Bxd5 $18 Rxd5 21. Nf5 $1 $36 {[%cal Rf5e7][%mdl 2048] Black is under strong pressure.} Qe8 {And now ...Nc5 would win.} 22. Qg3 $1 {[%csl Gf5][%cal Rg3g7]} g6 {[#]} 23. Rc8 $1 {[%cal Rc8e8][%mdl 576] Deflection, Decoy} Qxc8 24. Ne7+ {[%mdl 64] Double Attack} Kf7 25. Nxc8 Rxc8 26. Qh3 Nf8 27. exf6 Kxf6 28. Qa3 Rd7 29. Re2 Kf7 30. g3 Rc5 31. Qe3 Rd6 32. Rd2 Rxd2 33. Qxd2 {[%mdl 4096] Endgame KQ-KRN} Rd5 34. Qc3 h5 35. Kf2 Rd7 36. Kf3 Rd5 37. Qc7+ Rd7 38. Qc3 Rd5 $1 39. h3 Rd7 40. g4 hxg4+ 41. hxg4 Ke8 42. b4 Kf7 43. a4 Rd6 44. Qc4 Ke7 45. Kg3 Rd7 46. Kh4 Kf6 47. Qc3+ Kf7 48. Qc8 Re7 49. Kg5 Rd7 50. Kh6 Re7 51. Kg5 $2 ({White should play} 51. Qd8 $18) 51... Rd7 $2 (51... Nh7+ $11 52. Kh4 Nf6) 52. Kh4 $2 (52. Qc3 $18) 52... Ke7 $2 (52... Re7 $1 $11 53. g5 Kg8) 53. Qb8 Kf7 54. Kg3 Rd3+ 55. Kf2 Rd7 56. Ke3 Ke7 57. Qc8 Kf7 58. Qc6 Ke7 59. Ke4 Kf7 60. Qc4 Kf6 61. Qc3+ Kf7 62. Qh8 Rd1 63. Ke3 Rd7 64. Qh1 Ke7 65. Qc6 Rd6 66. Qc3 {Strongly threatening Qg7+.} Kf7 67. Kf2 Rd7 68. Kg3 Re7 69. Kh4 Rd7 70. Kg5 Nh7+ 71. Kh6 $1 {[%cal Rh6h7]} Nf8 72. Qg7+ Ke8 73. Qg8 Rf7 74. Kg5 Rh7 75. Kf6 Re7 76. g5 Rd7 77. a5 $2 (77. f5 $18 exf5 78. Qc4) 77... bxa5 $16 78. bxa5 {Threatens to win with a6.} Re7 $2 {[%mdl 8192]} (78... a6 $16 79. Ke5 Rd5+ 80. Ke4 Rxa5) 79. f5 $18 exf5 80. Qd5 {Qa8+ is the strong threat.} Re6+ 81. Kg7 Re7+ 82. Kg8 Ne6 83. Qc6+ Kd8 84. Qa8+ Kd7 85. Qxa7+ Nc7 86. Qd4+ Kc8 {[#]} 87. a6 $1 {[%mdl 512]} Re6 (87... Nxa6 88. Qd6) 88. a7 Kb7 89. Kf7 $2 (89. Qd7 Ra6 90. Kg7) 89... Rb6 {[#]} 90. Qa4 $1 Ra6 $2 (90... Na6 91. Qd7+ Ka8) 91. Qd7 f4 {[#]} 92. a8=Q+ $1 {[%mdl 576] Deflection} Rxa8 93. Kxg6 f3 94. Qg4 Kc6 95. Qxf3+ Kd6 96. Kf7 (96. Qf4+ $142 Kd7 97. Qd4+ Kc6 98. Kh7) 96... Nd5 97. Qg3+ Kc6 98. g6 Ra7+ 99. Kf8 Ra8+ 100. Kf7 Ra7+ 101. Ke6 {aiming for Qd6+.} Re7+ 102. Kf5 Re3 103. Qg2 Kd6 104. g7 $2 ({Better is} 104. Qh2+ $18 Kd7 105. Qd2) 104... Re5+ $14 105. Kg4 Ne3+ 106. Kf3 {Intending Qd2+ and mate.} Nxg2 107. g8=Q Ne3 108. Qb8+ Ke6 109. Qxe5+ {[%mdl 64] Remove Defender} Kxe5 110. Kxe3 {Accuracy: White = 74%, Black = 61%.} 1/2-1/2

[Event "EICC 2019"]
[Site "Skopia"]
[Date "2019.03.25"]
[Round "7.30"]
[White "Hovhannisyan, Robert"]
[Black "Santos Ruiz, Miguel"]
[Result "1/2-1/2"]
[WhiteElo "2634"]
[BlackElo "2560"]
[Annotator "TA"]
[PlyCount "62"]
[EventDate "2019.03.18"]
[EventType "swiss"]
[EventCountry "MKD"]
[SourceTitle "playchess.com"]
[Source "ChessBase"]
[SourceQuality "1"]

{[%evp 14,62,29,27,51,52,52,40,52,56,51,54,65,13,17,12,11,12,38,0,1,0,6,-8,0,-21,0,0,0,0,0,0,25,-10,0,0,26,0,62,0,0,0,0,-8,0,-16,-16,-35,-16,-18,-17]} 1. e4 e5 2. Nf3 Nc6 3. Bb5 a6 4. Ba4 Nf6 5. Nc3 d6 6. Bxc6+ bxc6 7. d4 exd4 8. Nxd4 c5 {C77: Ruy Lopez: 3...a6 4 Ba4 Nf6, unusual lines} (8... Bd7 9. O-O Be7 10. h3 O-O 11. Qf3 Re8 12. b3 h6 13. Bb2 Nh7 14. Qd3 Bf6 15. f4 c5 16. Nde2 Bb5 17. Nxb5 Bxb2 {½-½ (34) Moussard,J (2605)-Lemos,D (2474) Caleta 2019}) 9. Nc6 Qd7 10. Na5 Be7 $146 {White is slightly better.} ({Predecessor:} 10... g6 11. Qf3 Ng4 12. h3 Ne5 13. Qf6 Rg8 14. Qh4 f5 15. f4 Nf7 16. Qxh7 {0-1 (29) Sadikhov,U (2491)-Nikitenko,M (2368) Manavgat 2018}) 11. O-O O-O 12. Bf4 Re8 13. e5 (13. h3 $14) 13... dxe5 $11 14. Bxe5 Qf5 15. Re1 Be6 16. Bxc7 Rac8 17. Bg3 Red8 18. Qc1 Nh5 19. Nc4 (19. Re5 $5 {[%cal Re5f5]} Qg6 20. Ne4 $11) 19... Nxg3 20. hxg3 Bg5 21. Ne3 {[#] Black must now prevent f4.} Qg6 $1 22. Re2 Rb8 23. Rb1 h6 24. b3 h5 25. Qa3 Rb4 (25... h4 $11 26. gxh4 (26. Qxc5 hxg3 27. fxg3 Rbc8 $15) (26. Qxa6 hxg3 27. fxg3 Bf6 $17) 26... Bf6) 26. Na4 ({White should play} 26. Qxa6 $14 Rbd4 27. Nf1) 26... Bxe3 27. Rxe3 Qxc2 28. Qc1 Rd2 29. Rc3 Qxc1+ 30. Rbxc1 Rxa2 {[#] And now ...c4! would win.} 31. Nxc5 Rb6 {Accuracy: White = 45%, Black = 45%.} 1/2-1/2

[Event "EICC 2019"]
[Site "Skopia"]
[Date "2019.03.25"]
[Round "7.31"]
[White "Stupak, Kirill"]
[Black "Fridman, Daniel"]
[Result "1/2-1/2"]
[WhiteElo "2537"]
[BlackElo "2633"]
[Annotator "TA"]
[PlyCount "65"]
[EventDate "2019.03.18"]
[EventType "swiss"]
[EventCountry "MKD"]
[SourceTitle "playchess.com"]
[Source "ChessBase"]
[SourceQuality "1"]

{[%evp 29,65,0,0,0,0,-12,-11,-18,-10,-10,-10,-10,-10,-15,-5,-27,-10,-15,-12,-15,-7,-13,-3,-17,-41,-18,-14,-14,-16,-18,-11,-11,-11,-11,-11,-11,0,0]} 1. d4 d5 2. Nf3 Nf6 3. c4 e6 4. Nc3 Be7 5. Bg5 h6 6. Bh4 O-O 7. e3 Ne4 8. Bxe7 Qxe7 9. Rc1 c6 10. Bd3 Nxc3 11. Rxc3 dxc4 12. Bxc4 Nd7 13. O-O b6 14. Bd3 c5 15. Bb5 Rd8 16. Bc6 {D56: Queen's Gambit Declined: Lasker Defence} Rb8 {[#]} 17. Bxd7 $146 ({Predecessor:} 17. Qc2 cxd4 18. exd4 Qd6 19. Rc1 Nf6 20. Qa4 a5 21. Qb5 Bb7 22. Bxb7 Rxb7 {½-½ (41) Azmaiparashvili,Z (2658)-Korneev,O (2649) Nova Gorica 2006}) 17... Bxd7 18. Qe2 cxd4 19. Nxd4 Rbc8 20. Rxc8 Rxc8 21. h3 e5 22. Nf3 Qc5 {[#] aiming for ...Bb5.} 23. Rd1 Be6 24. b3 b5 25. Qd2 b4 26. Qd6 Qxd6 27. Rxd6 $11 {[%mdl 4096] Endgame KRB-KRN} Rc1+ {The position is equal.} 28. Kh2 Ra1 29. Rd2 f6 30. Rd6 Bf7 31. Rd8+ Kh7 32. Rd7 Kg8 33. Rd8+ {Accuracy: White = 53%, Black = 48%.} 1/2-1/2

[Event "EICC 2019"]
[Site "Skopia"]
[Date "2019.03.25"]
[Round "7.32"]
[White "Movsesian, Sergei"]
[Black "Lomasov, Semyon"]
[Result "1-0"]
[WhiteElo "2627"]
[BlackElo "2559"]
[Annotator "TA"]
[PlyCount "65"]
[EventDate "2019.03.18"]
[EventType "swiss"]
[EventCountry "MKD"]
[SourceTitle "playchess.com"]
[Source "ChessBase"]
[SourceQuality "1"]

{[%evp 9,65,16,43,30,37,6,12,18,53,49,56,-60,18,22,29,15,1,-4,20,16,16,-66,-66,-72,-78,-78,0,-22,-17,-31,0,0,0,0,16,31,330,317,310,324,275,254,414,188,796,773,769,769,933,927,927,919,827,745,1106,1049,29998,29999]} 1. e4 e5 2. Nf3 Nc6 3. Bc4 Nf6 4. d3 h6 5. a4 d6 6. Nc3 {C55: Two Knights: 4 d3, 4 d4 exd4 5 e5 and Max Lange Attack} g5 $146 ({Predecessor:} 6... g6 7. a5 Bg7 8. O-O O-O 9. h3 a6 10. Re1 Re8 11. Nd5 Nxd5 12. Bxd5 Be6 13. c4 Bxd5 14. cxd5 {0-1 (40) Jobava,B (2707)-Ivanchuk,V (2738) Leuven 2017}) 7. Ne2 g4 8. Nd2 {The position is equal.} d5 9. exd5 Nxd5 10. Ne4 ({Better is} 10. c3 $14) 10... Be7 (10... Be6 $1 $15) 11. O-O $11 f5 12. N4c3 Be6 13. Bb5 Nxc3 14. bxc3 Qd7 15. a5 ({White should play} 15. c4 $11) 15... a6 $15 16. Ba4 O-O-O 17. Bb2 Bc5 (17... f4 $17) 18. Qc1 f4 {...f3 is the strong threat.} 19. Ba3 Ba7 {aiming for ...Qf7.} 20. Qb2 {Threatens to win with c4.} g3 21. hxg3 fxg3 22. Nxg3 $40 {[%mdl 128] And now Rfb1 would win. White has some attack.} Qg7 $2 {[%mdl 8192] [#]} (22... Rdg8 $14 23. Rfb1 Bxf2+ 24. Kxf2 Qf7+ 25. Kg1 Nxa5) 23. Bxc6 $1 $18 bxc6 24. Rab1 {[%cal Ba1b1,Bb1b7,Bb7c7][%mdl 32]} Kd7 {Strongly threatening ...Qxg3.} 25. Qb7 $1 {[%csl LRa6,LRa7]} Qxg3 $2 (25... Be3) 26. Qxa7 (26. Rb6 $142 Bxb6 27. axb6) 26... Qh4 $2 (26... Qg7) 27. Rb7 Rc8 28. Qc5 Bd5 29. Qd6+ Ke8 30. Qxe5+ {[%mdl 64] Double Attack} Kf7 31. Re1 Qg4 32. Rxc7+ Kg8 {[#]} 33. Qe8+ $1 {[%mdl 576] Back Rank. Accuracy: White = 38%, Black = 38%.} 1-0

[Event "EICC 2019"]
[Site "Skopia"]
[Date "2019.03.25"]
[Round "7.33"]
[White "Paravyan, David"]
[Black "Dimitrov, Radoslav"]
[Result "1-0"]
[WhiteElo "2627"]
[BlackElo "2533"]
[Annotator "TA"]
[PlyCount "63"]
[EventDate "2019.03.18"]
[EventType "swiss"]
[EventCountry "MKD"]
[SourceTitle "playchess.com"]
[Source "ChessBase"]
[SourceQuality "1"]

{[%evp 18,63,86,82,91,86,104,104,104,97,96,95,98,89,108,101,104,95,98,89,134,117,134,106,150,142,233,234,271,200,280,202,306,315,332,344,288,269,256,258,249,239,356,367,355,371,511,484]} 1. e4 Nf6 {[%cal Bg8f6,Bf6d5,Bd5b6][%mdl 32]} 2. e5 Nd5 3. d4 d6 4. Nf3 g6 5. Bc4 Nb6 6. Bb3 Bg7 7. Ng5 d5 8. O-O h6 {B04: Alekhine's Defence: 4 Nf3} 9. Nf3 Nc6 10. c3 {LiveBook: 3 Games} Bf5 {White is better.} (10... Bg4 11. Nbd2 Qd7 12. h3 Bf5 13. Re1 O-O-O 14. a4 Na5 15. Bc2 Bxc2 16. Qxc2 {1-0 (81) Bartel,M (2609)-Orzech,D (2435) Lublin 2009}) 11. Nh4 e6 $146 ({Predecessor:} 11... Bxb1 12. Rxb1 e6 13. g3 Ne7 14. a4 Nd7 15. Bc2 c5 16. b4 cxd4 17. cxd4 {0-1 (41) Pokojowczyk,J (2450)-Zoltek,T (2300) Zielona Gora 1982}) 12. Nxf5 exf5 13. Nd2 {[%cal Bb1d2,Bd2f3,Bf3h4][%mdl 32]} Qd7 14. Bc2 Nd8 15. a4 {[%cal Ba2a4,Ba4a5][%mdl 32]} Ne6 16. f4 h5 17. a5 Nc8 18. Nf3 O-O 19. Be3 Ne7 20. h3 b6 21. Nh4 f6 (21... Bh8 $16 {was called for.} 22. b4 Rfc8) 22. axb6 $18 cxb6 23. Kh1 Qe8 24. Qe2 Qf7 (24... fxe5 $142 25. dxe5 Qd7) 25. g4 hxg4 26. hxg4 {[%cal Bh3g4,Bg4f5][%mdl 32]} fxe5 27. gxf5 (27. fxe5 f4 $16) 27... Qf6 28. Nxg6 (28. fxe6 Qxh4+ 29. Qh2 Qxh2+ 30. Kxh2 exd4 $11) 28... Nxg6 29. Qh2 (29. fxg6 Qh4+ 30. Qh2 Qxh2+ 31. Kxh2 exd4 $14) 29... Qh4 (29... e4 {keeps fighting.} 30. fxg6 (30. fxe6 Qxe6 31. Rg1 Rf6 $16) 30... Qxg6) 30. Qxh4 (30. fxe6 Qxh2+ 31. Kxh2 e4 $18) 30... Nxh4 31. fxe5 ({Not} 31. fxe6 exd4 32. Bd2 (32. cxd4 Nf5 $16) (32. Bxd4 Bxd4 33. cxd4 Kg7 $16) 32... a5 $18) 31... Nc5 {and the idea ...Ne4 leaves Black hopeful.} 32. Rf4 {Precision: White = 82%, Black = 40%.} 1-0

[Event "EICC 2019"]
[Site "Skopia"]
[Date "2019.03.25"]
[Round "7.34"]
[White "Lobanov, Sergei"]
[Black "Onischuk, Vladimir"]
[Result "0-1"]
[WhiteElo "2526"]
[BlackElo "2626"]
[Annotator "TA"]
[PlyCount "68"]
[EventDate "2019.03.18"]
[EventType "swiss"]
[EventCountry "MKD"]
[SourceTitle "playchess.com"]
[Source "ChessBase"]
[SourceQuality "1"]

{[%evp 15,68,38,40,12,12,7,54,62,167,182,178,173,163,168,184,188,223,108,123,64,60,66,57,56,93,102,103,57,108,97,101,54,56,44,45,-61,-64,-60,-57,-162,-132,-662,-142,-5385,-3244,-6918,-6549,-5406,-5402,-5181,-6116,-6087,-6049,-1956,-1720]} 1. e4 d6 2. d4 Nf6 3. Nc3 g6 4. f4 Bg7 5. Nf3 O-O 6. Bd3 Na6 7. O-O c5 8. d5 Rb8 9. f5 {B09: Pirc Defence: Austrian Attack} (9. Kh1 Bg4 10. h3 Bxf3 11. Rxf3 Nc7 12. a4 b6 13. Nb5 Rb7 14. Qe2 Nfe8 15. c3 a6 16. Na3 Nf6 17. Nc4 Qd7 {1-0 (34) Anand,V (2775)-Ivanchuk,V (2757) Leuven 2017}) 9... gxf5 10. exf5 Nb4 11. Ng5 {White is slightly better.} h6 (11... b5 $14) 12. Nge4 $18 e6 13. dxe6 $146 ({Predecessor:} 13. Bf4 exd5 14. Nxd6 Qb6 15. Be2 Rd8 16. a3 Rxd6 17. Bxd6 Qxd6 18. axb4 cxb4 {0-1 (47) Solovjov,S (2371)-Onischuk,V (2558) St Petersburg 2012}) 13... fxe6 14. Bf4 $1 Nxe4 15. Nxe4 {Threatens to win with f6.} (15. Bxe4 $6 exf5 16. Qxd6 Qxd6 $16) 15... e5 16. Be3 (16. Bxh6 $1 $18 {is the precise move to win.} Bxh6 17. Qh5 Be3+ 18. Kh1 Nxd3 19. cxd3) 16... Bxf5 {[#]} 17. Nf6+ $1 {[%mdl 512]} Rxf6 $14 (17... Qxf6 18. Bxf5) 18. Bxf5 Qe7 19. c3 Nc6 20. Qd5+ Kh8 21. Bd3 {Black must now prevent Qe4.} Rbf8 (21... e4 $14 22. Bc2 (22. Bxe4 $2 Re6 $19) (22. Qxe4 Qxe4 23. Bxe4 Re6 $17) 22... Qe5 23. Qxe5 (23. Bxe4 Re6 $15) (23. Qxe4 Qxe4 24. Bxe4 Re6 $17) 23... Nxe5) 22. Rxf6 $16 Rxf6 23. Qe4 {[%csl Gd3][%cal Re4h7]} Bf8 24. Rd1 {[%mdl 1024] White has compensation.} Qf7 25. Bc2 {[#]} ({Better is} 25. Bc4 $14 Qh7 26. Qd5) 25... d5 $1 $15 {[%cal Rd5e4][%mdl 512]} 26. Qh4 {aiming for Bg5.} (26. Rxd5 Rf1#) 26... e4 27. h3 ({White should try} 27. Bg5 $15 Rg6 28. Rf1) 27... Ne5 $36 {[%mdl 2048] Black is on the roll.} 28. b4 $2 {[%mdl 8192] [#]} (28. Kh1 $17) 28... Be7 $2 (28... Nf3+ $1 $19 {[%mdl 512]} 29. gxf3 Rg6+ 30. Kf1 Qxf3+ 31. Qf2 Qxh3+ 32. Ke1 Be7) 29. Qe1 $2 {[%mdl 8192] [#]} (29. Bxh6 $17 Rg6 30. Qf4 (30. Bg5+ $2 Kg8 $19) 30... Nf3+ 31. Kh1) 29... Nf3+ $1 {[%mdl 512] Black is clearly winning.} 30. gxf3 Rg6+ 31. Kf1 Qxf3+ {[%mdl 64] Double Attack} 32. Bf2 Qxh3+ 33. Ke2 Qf3+ 34. Kf1 Rg3 {Accuracy: White = 22%, Black = 53%.} 0-1

[Event "EICC 2019"]
[Site "Skopia"]
[Date "2019.03.25"]
[Round "7.35"]
[White "Ruck, Robert"]
[Black "Sarana, Alexey"]
[Result "0-1"]
[WhiteElo "2521"]
[BlackElo "2625"]
[Annotator "TA"]
[PlyCount "114"]
[EventDate "2019.03.18"]
[EventType "swiss"]
[EventCountry "MKD"]
[SourceTitle "playchess.com"]
[Source "ChessBase"]
[SourceQuality "1"]

{[%evp 11,114,16,29,16,17,8,4,-3,12,-5,0,-14,-2,-6,0,0,9,19,8,3,13,13,0,-42,-29,-25,-23,-70,-17,-17,-6,-26,7,0,0,0,7,26,18,31,59,38,63,0,19,-38,-5,-16,-4,-136,-137,-222,-226,-222,-216,-263,-280,-291,-291,-288,-291,-275,-283,-261,-249,-298,-306,-306,-305,-305,-301,-331,-330,-328,-320,-367,-351,-358,-344,-357,-341,-423,-403,-441,-410,-434,-435,-411,-392,-461,-461,-460,-384,-862,-775,-29973,-29974,-29973,-29970,-29971,-29968,-29981,-29982,-29987,-29987]} 1. e4 c5 2. Nf3 d6 3. Bb5+ Nd7 4. d4 cxd4 5. Qxd4 Ngf6 6. Bg5 a6 7. Bxd7+ {B51: Sicilian: Moscow Variation (3 Bb5+) without 3...Bd7} Nxd7 8. O-O Qb6 $146 ({Predecessor:} 8... f6 9. Be3 e6 10. Nbd2 Ne5 11. Nxe5 fxe5 12. Qc3 Bd7 13. f4 Rc8 {0-1 (22) Isserman,R (2273)-Hamdouchi,H (2588) Nice 2003}) 9. Qc3 {The position is equal.} Qc6 10. Re1 h6 11. Bh4 e5 12. Nfd2 g5 13. Bg3 Nf6 14. Qd3 Be6 15. c4 Rc8 16. b3 b5 17. cxb5 (17. f3 {keeps more tension.} Nh5 18. Nc3 Be7 19. Nd5 Nxg3 20. hxg3 g4 21. f4) 17... Qxb5 18. Qxb5+ axb5 19. Na3 Rb8 (19... Bd7 $15) 20. Nc2 $11 Be7 21. Nb4 Kd7 22. Red1 Nh5 23. Nf1 {Bxe5 is the strong threat.} Nxg3 24. Nxg3 Rhc8 25. Rd3 Bd8 26. Rad1 Ke8 27. Kf1 (27. Nf5 $1 $14 Bxf5 28. exf5) 27... Ra8 28. Ne2 (28. Nf5 $1 $11 Bxf5 29. exf5) 28... Ba5 29. Nd5 Rc2 30. Nec3 {[#]} (30. a3 $11) 30... Bxc3 $1 $17 31. Nc7+ {[#]} (31. Rxc3 $17 Raxa2 32. Rxc2 Rxc2 33. Nb4) 31... Kd7 $1 $19 {[%cal Rd7c7]} 32. Nxa8 Bd4 $1 33. Rxd4 exd4 34. Rxd4 {[%mdl 4096] Endgame KRB-KRN} Rc6 (34... Rxa2 35. Nb6+ Kc6 36. Nd5 $15) 35. Rb4 Ra6 36. Rxb5 Rxa8 {KRB-KR} 37. a4 Rc8 38. Ke1 Rc2 39. a5 Rc5 40. Rb7+ Kc8 41. Rb6 Rxa5 42. Rxd6 Rb5 ({Weaker is} 42... Bxb3 43. Rxh6 Ra2 44. Rc6+ Kd7 45. Rc3 $19) 43. f3 Rxb3 44. Kf2 Kc7 45. Rd4 h5 46. h3 Rb2+ 47. Kg3 h4+ 48. Kh2 f6 49. Kg1 Bd7 50. Kh2 Kd8 51. Rd5 Ke7 52. Ra5 $2 (52. Kg1) 52... Bb5 53. Ra1 Ke6 {Black mates.} 54. Rc1 Be2 55. Kg1 Ke5 56. Rc5+ Kf4 57. Kh2 Bf1 {Accuracy: White = 39%, Black = 74%.} 0-1

[Event "EICC 2019"]
[Site "Skopia"]
[Date "2019.03.25"]
[Round "7.36"]
[White "Van Foreest, Jorden"]
[Black "Arutinian, David"]
[Result "1/2-1/2"]
[WhiteElo "2621"]
[BlackElo "2555"]
[Annotator "TA"]
[PlyCount "79"]
[EventDate "2019.03.18"]
[EventType "swiss"]
[EventCountry "MKD"]
[SourceTitle "playchess.com"]
[Source "ChessBase"]
[SourceQuality "1"]

{[%evp 9,79,27,58,31,31,29,51,34,47,43,42,41,38,25,46,47,64,40,43,38,40,43,34,41,46,31,29,28,21,11,17,0,0,0,0,0,0,0,0,0,16,16,16,16,16,12,12,12,14,6,7,0,0,0,0,0,0,0,0,0,0,0,0,0,0,0,0,0,0,0,0,0]} 1. e4 c6 2. Nf3 d5 3. Nc3 dxe4 4. Nxe4 Nf6 5. Qe2 Qd5 6. Nxf6+ {B11: Caro-Kann: Two Knights Variation} gxf6 7. g3 Qe6 $146 ({Predecessor:} 7... Na6 8. a3 Bf5 9. d3 Nc5 10. Be3 Na4 11. Bg2 Qd7 12. O-O Bh3 13. Bxh3 Qxh3 14. Rfe1 {½-½ (59) Nabaty,T (2559)-Bartel,M (2665) Plovdiv 2012}) 8. a4 {White is slightly better.} a5 9. d4 (9. d3 {with more complications.} Qxe2+ 10. Bxe2 e5 11. O-O Be6 12. d4) 9... Qxe2+ 10. Bxe2 Bf5 11. c3 e6 12. Nd2 Bd6 13. h4 h5 14. Nc4 Bc7 $1 15. Bf4 Bxf4 16. gxf4 Ke7 17. Ne3 Be4 18. Rg1 Nd7 19. O-O-O {The position is equal.} Rag8 20. Rge1 Nb6 21. f5 Nd5 22. fxe6 fxe6 23. Nxd5+ cxd5 24. Rg1 Bg6 25. Rg3 Be8 26. Rdg1 Kf8 27. b3 Rxg3 28. Rxg3 Rg8 29. Rxg8+ Kxg8 $11 {[%mdl 4096] Endgame KB-KB} 30. c4 dxc4 31. Bxc4 Bf7 $1 32. Kd2 Kf8 33. f4 Ke7 34. Kc3 Be8 35. Be2 Kd6 36. Bf3 b6 37. Kc4 Kc7 38. Bd1 Kd6 39. Bf3 Kc7 40. Bd1 {Accuracy: White = 56%, Black = 77%.} 1/2-1/2

[Event "EICC 2019"]
[Site "Skopia"]
[Date "2019.03.25"]
[Round "7.37"]
[White "Postny, Evgeny"]
[Black "Beliavsky, Alexander G"]
[Result "1-0"]
[WhiteElo "2619"]
[BlackElo "2526"]
[Annotator "TA"]
[PlyCount "101"]
[EventDate "2019.03.18"]
[EventType "swiss"]
[EventCountry "MKD"]
[SourceTitle "playchess.com"]
[Source "ChessBase"]
[SourceQuality "1"]

{[%evp 17,101,24,28,6,0,-2,11,0,2,-11,0,-13,-3,-7,8,0,0,0,0,0,0,0,0,0,0,0,12,0,0,0,0,0,0,0,0,0,9,0,0,0,0,0,0,0,0,0,0,0,0,-5,0,0,0,0,0,0,0,0,0,-9,0,0,0,0,0,0,0,0,0,0,48,35,59,47,52,42,70,32,33,8,40,51,113,14,571,619]} 1. d4 Nf6 2. c4 e6 3. Nf3 d5 4. Nc3 Be7 5. Bf4 O-O 6. e3 c5 7. dxc5 Bxc5 8. Qc2 Nc6 9. a3 Qa5 10. Ra2 {[#] Threatens to win with b4. D37: Queen's Gambit Declined: 5 Bf4} (10. Nd2 Qd8 11. Nb3 Bb6 12. Be2 Qe7 13. Bg5 dxc4 14. Nd2 Ne5 15. O-O Bd7 16. Bf4 Ng6 17. Bg3 Bc6 18. Nxc4 {½-½ (40) Carlsen,M (2835)-Caruana,F (2832) London 2018}) 10... Qd8 11. Be2 $146 ({Predecessor:} 11. b4 Bd6 12. Bg3 h6 13. Be2 Bxg3 14. hxg3 dxc4 15. Bxc4 Bd7 16. Qe2 Rc8 17. O-O Ng4 {½-½ (44) Avrukh,B (2582)-Rizouk,A (2499) Andorra 2002}) 11... dxc4 12. Bxc4 {The position is equal.} Bd6 13. Bg5 h6 14. Bh4 Ne5 15. Be2 Ng6 16. Bg3 Bxg3 17. hxg3 Qc7 18. O-O Bd7 19. Raa1 Rac8 20. Qb3 Ne5 21. Rac1 Nxf3+ 22. Bxf3 b6 23. Rfd1 Qe5 24. Qb4 Rc5 25. Rd2 Rfc8 26. Rcd1 Be8 27. Rd8 Qb8 28. R8d6 Rc4 29. Qb3 R4c5 30. Be2 {aiming for Ba6.} Qc7 31. Bf3 Qe7 32. R6d2 Kf8 33. Rd4 R8c7 34. Qc2 Rd7 35. Rxd7 Bxd7 36. Qd3 Be8 37. Qd4 Rc7 38. Qf4 Rc8 39. Be2 Rd8 40. Rxd8 Qxd8 41. e4 {[%cal Be3e4,Be4e5][%mdl 32]} Bc6 42. e5 Nd5 43. Qd4 Qg5 44. Ne4 Qc1+ 45. Kh2 Kg8 46. Bf3 Qc2 47. Nd6 Ne7 48. Qh4 Kf8 {Hoping for ...Bxf3.} (48... Nf5 $5 {[%cal Rf5h4]} 49. Qd8+ Kh7 50. Bxc6 Qxc6 $11) 49. Qf4 {[%csl Gd6][%cal Rf4f7]} Qg6 (49... Be8 $1 $14) 50. Qc1 (50. Bd1 $16) 50... Kg8 $2 {[%mdl 8192] [#]} ({Much worse is} 50... Bxf3 $6 51. gxf3 Kg8 52. Qc7 $16) (50... Qg5 $11 {and Black has nothing to worry.} 51. Qc3 f6) 51. Nc8 $1 {Accuracy: White = 63%, Black = 59%.} ({Not} 51. Bxc6 Nxc6 52. f4 (52. Qxc6 Qh5+ {[%mdl 64] Double Attack} 53. Kg1 Qd1+ 54. Kh2 Qh5+ {[%mdl 64] Double Attack} 55. Kg1 Qd1+ 56. Kh2 Qh5+ $11 {[%mdl 64] Double Attack}) 52... Ne7 $11) 1-0